La mujer porosa
Gespeichert in:
| 1. Verfasser: | |
|---|---|
| Format: | Buch |
| Sprache: | Undetermined |
| Veröffentlicht: |
Caracas, Venezuela
Fundarte
1996
|
| Schlagworte: | |
| Tags: |
Tag hinzufügen
Keine Tags, Fügen Sie den ersten Tag hinzu!
|
MARC
| LEADER | 00000nam a2200000Ia 4500 | ||
|---|---|---|---|
| 008 | 170316s9999 xx 000 0 und d | ||
| 040 | |a cru BVZT | ||
| 090 | |a 860 B-4.1m | ||
| 100 | |a Balza, José | ||
| 245 | |a La mujer porosa | ||
| 260 | |a Caracas, Venezuela | ||
| 260 | |b Fundarte | ||
| 260 | |c 1996 | ||
| 300 | |a 131 páginas | ||
| 650 | |a LITERATURA LATINOAMERICANA | ||
| 999 | |c 8467 |d 8467 | ||
| 942 | |c 15 D |h 860 B-4.1m |2 z | ||
